| 000 | 00991nam a2200205Ia 4500 | ||
|---|---|---|---|
| 999 |
_c40252 _d40252 |
||
| 001 | 6860 | ||
| 003 | GE_BSU | ||
| 005 | 20200120163805.0 | ||
| 008 | 181216s1973||||g |||||||||||||| ||ge || | ||
| 040 | _cGE_BSU | ||
| 080 | _a821.353.1-31 გ-62 | ||
| 100 |
_aგოზალიშვილი, ვახტანგ. _96260 |
||
| 245 |
_aჟამი სიბრძნისა და სიყვარულისა ნაწილი პირველი : _bრომანი / _cვახტანგ გოზალიშვილი ; რედ. მ. ცხოვრებოვა. |
||
| 264 |
_aცხინვალი : _bირისთონი, _c1973. |
||
| 300 |
_a184 გვ. ; _bფოტო-პორტრეტი ; _c20 სმ. |
||
| 653 | _aჟამი სიბრძნისა და სიყვარულისა | ||
| 653 | _aრომანი | ||
| 700 |
_aცხოვრებოვა, მ. _eრედაქტორი _96261 |
||
| 942 |
_cBK _2udc |
||